00573nam a2200193Ia 4500003000900000008004100009020001800050040001600068080001400084245009900098260003400197300002300231650001700254650001200271650002200283700002500305700002400330700002500354IN-BaIIA211028s9999 xx 000 0 eng d a0-7503-0353-0 cIIA Library a53bTWE-I 0aTwentieth century physicsbvol. Icedited by Laurie M. Brown, Abraham Pais, Sir Brian Pippard. aBristolbIOP Publishingc1995 a[various pagings.] a20th Century aPhysics aTwentieth century aLaurie M Brown., ed. aPais, Abraham., ed. aPippard, Brian., ed.